000 01180cam a2200325 a 4500
001 17254624
003 ARRUPE
005 20140403020007.0
008 120413s2012 nyu b 001 0 eng
010 _a 2012014811
020 _a9780393088694 (hbk.)
040 _aDLC
_cDLC
_dDLC
042 _apcc
043 _an-us---
050 0 0 _aHC110.I5
_bS867 2012
082 0 0 _a305.50973
_223
100 1 _aStiglitz, Joseph E.
_99253
245 1 4 _aThe price of inequality :
_b[how today's divided society endangers our future] /
_cJoseph E. Stiglitz.
250 _a1st ed.
260 _aNew York :
_bW.W. Norton & Co.,
_cc2012.
300 _axxxi, 414 p. ;
_c25 cm.
504 _aIncludes bibliographical references (p. [291]-397) and index.
650 0 _aIncome distribution
_xSocial aspects
_zUnited States.
_99254
650 0 _aEquality
_zUnited States.
_99255
651 0 _aUnited States
_xEconomic conditions
_y21st century.
_99256
651 0 _aUnited States
_xSocial conditions
_y21st century.
_99257
906 _a7
_bcbc
_corignew
_d1
_eecip
_f20
_gy-gencatlg
942 _2lcc
_cMONOGRAPH
_01
999 _c120250
_d120250